|
|
|
|
| LEADER |
00000nam0a2200000 4500 |
| 001 |
177034 |
| 005 |
20231101223318.0 |
| 010 |
|
|
|a 9785922111331
|
| 035 |
|
|
|a (RuTPU)RU\TPU\book\191940
|
| 090 |
|
|
|a 177034
|
| 100 |
|
|
|a 20100310d2009 km y0rusy50 ca
|
| 101 |
0 |
|
|a rus
|
| 102 |
|
|
|a RU
|
| 105 |
|
|
|a y z 001zy
|
| 200 |
1 |
|
|a Магнитные ловушки для удержания плазмы
|f А. А. Сковорода
|
| 210 |
|
|
|a Москва
|c Физматлит
|d 2009
|
| 215 |
|
|
|a 216 с.
|
| 320 |
|
|
|a Библиогр.: с. 212-215.
|
| 330 |
|
|
|a В монографии последовательно изложена теория магнитных конфигураций для долговременного удержания горячей плазмы, оптимальных в смысле минимизации неоклассических потерь заряженных продуктов термоядерной реакции и вторичных плазменных токов и максимизации параметра «бета» по равновесию при сохранении «токамачного» уровня удержания плазмы. Обсуждается классификация оптимальных ловушек по различной «глубине» симметрии (обычная, квазисимметрия, псевдосимметрия) и двум топологическим типам этих симметрии (тороидальная и полоидальная). Используются формулировки, одинаково применимые ко всем типам ловушек: открытым и замкнутым, с вращательным преобразованием и без него, с током и без тока. Приведены примеры конкретных ловушек в ретроспективе, позволяющие наглядно проследить развитие термоядерных исследований в соответствии с предложенной классификацией. Книга адресована студентам старших курсов, аспирантам, преподавателям, инженерам, научным работникам в области физики плазмы и управляемого термоядерного синтеза, широкому кругу специалистов в смежных областях.
|
| 606 |
1 |
|
|a Магнитные ловушки для плазмы
|2 stltpush
|3 (RuTPU)RU\TPU\subj\40819
|9 84335
|
| 610 |
1 |
|
|a физика
|
| 610 |
1 |
|
|a плазма
|
| 610 |
1 |
|
|a магнитное поле
|
| 610 |
1 |
|
|a заряженные частицы
|
| 610 |
1 |
|
|a удержание
|
| 610 |
1 |
|
|a аппаратура
|
| 610 |
1 |
|
|a конструкции
|
| 610 |
1 |
|
|a термоядерные реакции
|
| 610 |
1 |
|
|a магнитные поверхности
|
| 610 |
1 |
|
|a равновесные поверхности
|
| 610 |
1 |
|
|a потоковые координаты
|
| 610 |
1 |
|
|a симметрия
|
| 610 |
1 |
|
|a Токамаки
|
| 610 |
1 |
|
|a пробкотроны
|
| 610 |
1 |
|
|a амбиполярные ловушки
|
| 610 |
1 |
|
|a асимметрия
|
| 610 |
1 |
|
|a стеллараторы
|
| 610 |
1 |
|
|a оптимальные системы
|
| 675 |
|
|
|a 533.951
|v 3
|
| 675 |
|
|
|a 621.039.62
|v 3
|
| 700 |
|
1 |
|a Сковорода
|b А. А.
|g Александр Алексеевич
|
| 801 |
|
1 |
|a RU
|b 63413507
|c 20100310
|
| 801 |
|
2 |
|a RU
|b 63413507
|c 20150518
|g RCR
|
| 942 |
|
|
|c BK
|
| 959 |
|
|
|a 13/20100310
|d 1
|e 176,00
|f ЧЗТЛ:1
|